00521nam a2200181 a 45000010010000000030011000100080041000210350026000620820014000881000020001022450031001222600036001536500013001899420012002029520090002149980020003049990015003240000-8733ELIB.Books110520 1988  a(ELIB.Books)0000-8879 a230 bMck aMckim, Donald K aTheological Truning Points bAtlanta: John Knox Press c1988 aTheology 2ddccBK 00102ddc4070aKBTSbKBTSd2011-05-20l0p9291r2022-01-22 00:00:00w2022-01-22yBK cbate2011-05-20 c8733d8733